Income and value measurement (Record no. 76456)

MARC details
000 -LEADER
fixed length control field 01284nam a2200265 a 4500
008 - FIXED-LENGTH DATA ELEMENTS--GENERAL INFORMATION
fixed length control field 120416s1985 ||||||||||||||||| || u
020 ## - INTERNATIONAL STANDARD BOOK NUMBER
International Standard Book Number 0442306156
050 ## - LIBRARY OF CONGRESS CALL NUMBER
Classification number HF 5681.I48 Lee
100 ## - MAIN ENTRY--PERSONAL NAME
Personal name Lee, Thomas A
245 10 - TITLE STATEMENT
Title Income and value measurement
246 ## -
-- theory and practice
250 ## - EDITION STATEMENT
Edition statement 3rd ed.
260 ## - PUBLICATION, DISTRIBUTION, ETC.
Place of publication, distribution, etc. Workingham, England
Name of publisher, distributor, etc. Van Nostrand Reinhold
Date of publication, distribution, etc. 1985
300 ## - PHYSICAL DESCRIPTION
Extent ix, 185 pages : illustrations
350 ## -
-- 0.00
490 ## -
-- The VNR series in accounting and finance
650 ## - SUBJECT ADDED ENTRY--TOPICAL TERM
Topical term or geographic name entry element INCOME ACCOUNTING
650 ## - SUBJECT ADDED ENTRY--TOPICAL TERM
Topical term or geographic name entry element VALUE
650 ## - SUBJECT ADDED ENTRY--TOPICAL TERM
Topical term or geographic name entry element Income
650 #0 - SUBJECT ADDED ENTRY--TOPICAL TERM
Topical term or geographic name entry element ACCOUNTING--HANDBOOKS, MANUALS, ETC
995 ## -
-- MAIN LIBRARY OPEN ACCESS
-- 0.00
-- 708326
-- CBU-MAIN LIBRARY (Kitwe)
-- 4
-- 6.95
-- HF 5681.I48 Lee
-- 3
-- AVAILABLE
-- 006793
-- Main Library Open Access Collection
995 ## -
-- MAIN LIBRARY OPEN ACCESS
-- 0.00
-- 708592
-- CBU-MAIN LIBRARY (Kitwe)
-- 1
-- 6.95
-- HF 5681.I48 Lee
-- 4
-- AVAILABLE
-- 006794
-- Main Library Open Access Collection
995 ## -
-- ANNEX COLLECTION (Main Library)
-- 0.00
-- 708591
-- CBU-MAIN LIBRARY (Kitwe)
-- 3
-- 6.95
-- HF 5681.I48 Lee
-- 2
-- AVAILABLE
-- 006792
-- Annex Low-Usage Collection
995 ## -
-- ANNEX COLLECTION (Main Library)
-- 0.00
-- 708593
-- CBU-MAIN LIBRARY (Kitwe)
-- 2
-- 6.95
-- HF 5681.I48 Lee
-- 1
-- AVAILABLE
-- 006791
-- Annex Low-Usage Collection
999 ## -
-- 76456
-- 76456
Holdings
Withdrawn status Lost status Source of classification or shelving scheme Damaged status Not for loan Permanent Location Current Location Shelving location Date acquired Total Checkouts Full call number Barcode Date last seen Copy number Price effective from Koha item type
          CBU-MAIN LIBRARY, KITWE. CBU-MAIN LIBRARY, KITWE.   04/25/2023   HF 5681.I48 Lee 006793 04/25/2023 1 04/25/2023 MONOGRAPH
          CBU-MAIN LIBRARY, KITWE. CBU-MAIN LIBRARY, KITWE.   04/25/2023   HF 5681.I48 Lee 006794 04/25/2023 2 04/25/2023 MONOGRAPH
          CBU-MAIN LIBRARY, KITWE. CBU-MAIN LIBRARY, KITWE.   04/25/2023   HF 5681.I48 Lee 006792 04/25/2023 3 04/25/2023 MONOGRAPH
          CBU-MAIN LIBRARY, KITWE. CBU-MAIN LIBRARY, KITWE.   04/25/2023   HF 5681.I48 Lee 006791 04/25/2023 4 04/25/2023 MONOGRAPH